ბათუმის შოთა რუსთაველის სახელმწიფო უნივერსიტეტის ბიბლიოთეკა

Cutting EDGE. New. Intermediate. Workbook : (ბიბ.ჩანაწერი № 50875)

000 -LEADER
fixed length control field 00734nam a2200241Ia 4500
001 - CONTROL NUMBER
control field 17830
003 - CONTROL NUMBER IDENTIFIER
control field GE_BSU
005 - DATE AND TIME OF LATEST TRANSACTION
control field 20200226112040.0
008 - FIXED-LENGTH DATA ELEMENTS--GENERAL INFORMATION
fixed length control field 181216s2007en xx |||||||||||||| ||eng||
020 ## - INTERNATIONAL STANDARD BOOK NUMBER
International Standard Book Number 9780582825208
040 ## - CATALOGING SOURCE
Transcribing agency GE_BSU
041 ## - LANGUAGE CODE
Language code of text/sound track or separate title eng
080 ## - UNIVERSAL DECIMAL CLASSIFICATION NUMBER
Universal Decimal Classification number 811.111(076) C-73
100 ## - MAIN ENTRY--PERSONAL NAME
Personal name Comyns Carr.
9 (RLIN) 7460
245 ## - TITLE STATEMENT
Title Cutting EDGE. New. Intermediate. Workbook :
Remainder of title Intermediate. Workbook. with key /
Statement of responsibility, etc. Carr Comyns Jane ; Eales Frances.
264 ## - PRODUCTION, PUBLICATION, DISTRIBUTION, MANUFACTURE, AND COPYRIGHT NOTICE
Place of production, publication, distribution, manufacture Edinburg :
Name of producer, publisher, distributor, manufacturer Pearson Longman,
Date of production, publication, distribution, manufacture, or copyright notice 2005.
300 ## - PHYSICAL DESCRIPTION
Extent 112 p. :
Dimensions 28 cm.
653 ## - INDEX TERM--UNCONTROLLED
keyword Cutting EDGE
653 ## - INDEX TERM--UNCONTROLLED
keyword Intermediate. Workbook. with key
653 ## - INDEX TERM--UNCONTROLLED
keyword ინგლისური ენა
700 ## - ADDED ENTRY--PERSONAL NAME
Personal name Frances, Eales.
9 (RLIN) 7461
942 ## - ADDED ENTRY ELEMENTS (KOHA)
Koha item type წიგნი
Source of classification or shelving scheme
ეგზემპლარები
Withdrawn status Lost status Source of classification or shelving scheme Damaged status Not for loan Permanent Location Current Location Shelving location Date acquired Full call number Barcode Date last seen Copy number Price effective from Koha item type
          ბათუმის შოთა რუსთაველის სახელმწიფო უნივერსიტეტის მთავარი ბიბლიოთეკა ბათუმის შოთა რუსთაველის სახელმწიფო უნივერსიტეტის მთავარი ბიბლიოთეკა წიგნსაცავი 2018-12-17 811.111(076) C-73 45707 2018-12-17 45707 2018-12-17 წიგნი